| 000 | 00478nam a22001937a 4500 | ||
|---|---|---|---|
| 003 | OSt | ||
| 005 | 20220107122736.0 | ||
| 008 | 140419b xxu||||| |||| 00| 0 eng d | ||
| 020 | _a9788120333314 | ||
| 040 | _cIIITM-K | ||
| 082 | _a531 ARU/C | ||
| 100 |
_aAruldhas, G _94158 |
||
| 245 |
_aClassical mechanics _cby G Aruldhas |
||
| 260 |
_aNew Delhi, _bPHI Learning, _c2008. |
||
| 300 | _axii, 360p. | ||
| 650 |
_aPHYSICS _94159 |
||
| 650 |
_aMECHANICS _94160 |
||
| 942 |
_2ddc _cBK |
||
| 999 |
_c3853 _d3853 |
||